Vocabulario esperanto-español y español-esperanto / (Record no. 155923)
[ view plain ]
| 000 -LEADER | |
|---|---|
| campo de control de longitud fija | 01234nam a2200301 i 4500 |
| 001 - NÚMERO DE CONTROL | |
| campo de control | 155923 |
| 003 - IDENTIFICADOR DE NÚMERO DE CONTROL | |
| campo de control | ES-MaACL |
| 005 - FECHA Y HORA DE LA ÚLTIMA TRANSACCIÓN | |
| campo de control | 20260203152758.0 |
| 008 - DATOS DE LONGITUD FIJA--INFORMACIÓN GENERAL | |
| campo de control de longitud fija | 940301q1910 sp d |||| | spa d |
| 100 1# - ENTRADA PRINCIPAL--NOMBRE DE PERSONA | |
| Nombre de persona | Inglada Ors, Vicente. |
| 9 (RLIN) | 65295 |
| 245 10 - MENCIÓN DEL TÍTULO | |
| Título | Vocabulario esperanto-español y español-esperanto / |
| Mención de responsabilidad, etc. | por V. Inglada Ors, A.L. Villanueva ; con una carta-prólogo de Paul Fruictier. |
| 260 ## - PUBLICACIÓN, DISTRIBUCIÓN, ETC. | |
| Lugar de publicación, distribución, etc. | Barcelona : |
| Nombre del editor, distribuidor, etc. | José Espasa, |
| Fecha de publicación, distribución, etc. | [ca. 1910] |
| 300 ## - DESCRIPCIÓN FÍSICA | |
| Extensión | XIX, 364 p. ; |
| Dimensiones | 18 cm. |
| 490 1# - MENCIÓN DE SERIE | |
| Mención de serie | Kolekto esperanta aprobita de Dº Zamenhof |
| 490 1# - MENCIÓN DE SERIE | |
| Mención de serie | Kolekto hispana ; |
| Designación de volumen o secuencia | 3 |
| 530 ## - NOTA DISPONIBLE DE FORMULARIO FÍSICO ADICIONAL | |
| Nota de formato físico adicional disponible | Disponible en formato digital. |
| 650 #4 - PUNTO DE ACCESO ADICIONAL DE MATERIA--TÉRMINO DE MATERIA | |
| Término de materia o nombre geográfico como elemento de entrada | Esperanto- |
| Subdivisión de forma | Diccionarios- |
| Subdivisión general | Español. |
| 9 (RLIN) | 163215 |
| 650 #4 - PUNTO DE ACCESO ADICIONAL DE MATERIA--TÉRMINO DE MATERIA | |
| Término de materia o nombre geográfico como elemento de entrada | Lengua española- |
| Subdivisión de forma | Diccionarios- |
| Subdivisión general | Esperanto. |
| 9 (RLIN) | 14141 |
| 700 1# - ENTRADA AGREGADA--NOMBRE PERSONAL | |
| Nombre de persona | López Villanueva, Antonio. |
| 9 (RLIN) | 163216 |
| 700 1# - ENTRADA AGREGADA--NOMBRE PERSONAL | |
| Nombre de persona | Fruictier, Paul. |
| 9 (RLIN) | 127157 |
| 830 1# - PUNTO DE ACCESO ADICIONAL DE SERIE-TÍTULO UNIFORME | |
| Título uniforme | Kolekto esperanta aprobita de Dº Zamenhof |
| 9 (RLIN) | 221625 |
| 830 1# - PUNTO DE ACCESO ADICIONAL DE SERIE-TÍTULO UNIFORME | |
| Título uniforme | Kolekto hispana ; |
| Designación de volumen o secuencia | 3 |
| 9 (RLIN) | 221624 |
| 852 4# - LOCALIZACIÓN | |
| Ubicación | ES-MaACL |
| Número de control de estantería | F-9847 |
| Ubicación en estantería | Sala Pecera Planta 2 |
| Encuadernación | Encuadernación. holandesa |
| 852 4# - LOCALIZACIÓN | |
| Ubicación | ES-MaACL |
| Número de control de estantería | C-22650 |
| Ubicación en estantería | Galería |
| Encuadernación | Encuadernación holandesa |
| 856 4# - LOCALIZACIÓN Y ACCESO ELECTRÓNICOS | |
| Identificador Uniforme de Recursos | <a href="http://hdl.handle.net/11013/4367 ">http://hdl.handle.net/11013/4367 </a> |
| Texto de enlace | Federación Española de Esperanto |
| 942 ## - ELEMENTOS DE ENTRADA SECUNDARIOS (KOHA) | |
| Fuente del sistema de clasificación o colocación | Clasificación decimal universal |
| Estatus retirado | Estado de pérdida | Estado de daño | No para préstamo | Colección | Biblioteca de origen | Biblioteca actual | Ubicación en estantería | Fecha de adquisición | Fuente de adquisición | Total de préstamos | Signatura topográfica completa | Código de barras | Visto por última vez | Precio de reemplazo | Tipo de ítem Koha |
|---|---|---|---|---|---|---|---|---|---|---|---|---|---|---|---|
| Colección digital | Biblioteca del Ateneo de Madrid | Biblioteca del Ateneo de Madrid | Galería | 17/01/2008 | C-22650 | 1163120 | 23/02/2023 | 23/02/2023 | Libro impreso | ||||||
| Colección digital | Biblioteca del Ateneo de Madrid | Biblioteca del Ateneo de Madrid | Sala Pecera Planta 2 | 17/01/2008 | F-9847 | 1163119 | 23/02/2023 | 23/02/2023 | Libro impreso |
